[Event "BCF-chT2 1718 (4NCL) Promotion pool"]
[Site "England"]
[Date "2018.05.07"]
[Round "11.15"]
[White "Dalton, Joseph"]
[Black "Galyas, Miklos"]
[Result "0-1"]
[WhiteElo "2207"]
[BlackElo "2495"]
[PlyCount "82"]
[EventDate "2017.11.11"]
[EventType "team-tourn"]
[EventRounds "11"]
[EventCountry "ENG"]
[SourceTitle "EXT 2020"]
[Source "ChessBase"]
[SourceDate "2019.10.17"]
[SourceVersion "1"]
[SourceVersionDate "2019.10.17"]
[SourceQuality "1"]
[WhiteTeam "North East England"]
[BlackTeam "Manx Liberty"]
[WhiteTeamCountry "ENG"]
[BlackTeamCountry "ENG"]

1. d4 Nf6 2. Nf3 g6 3. Nc3 d5 4. Bf4 Bg7 5. e3 0-0 6. Be2 Bg4 7. Ne5 Bxe2 8. Nxe2 c5 9. c3 Nc6 10. 0-0 e6 11. Nxc6 bxc6 12. Qa4 Qd7 13. Qa3 c4 14. b3 cxb3 15. axb3 Rfc8 16. b4 Ne4 17. Ra2 Bf8 18. f3 Nd6 19. Bxd6 Bxd6 20. Qa5 e5 21. dxe5 Bxe5 22. Nd4 Qe7 23. Re2 c5 24. bxc5 Rxc5 25. Qa3 Qc7 26. f4 Rxc3 27. Qa2 Bxd4 28. exd4 Qc4 29. Qd2 Rd3 30. Qe1 Rf8 31. f5 Rxd4 32. f6 Re4 33. Rxe4 dxe4 34. Qe3 Re8 35. Qh6 Qc5+ 36. Kh1 Qf8 37. Qe3 a6 38. g4 h6 39. Rf4 Qd6 40. Rf1 Qd3 41. Qf4 e3 0-1

[Event "BCF-chT2 1718 (4NCL) Promotion pool"]
[Site "England"]
[Date "2018.05.06"]
[Round "10.26"]
[White "Dalton, Joseph"]
[Black "Pein, Jonathan"]
[Result "1-0"]
[WhiteElo "2207"]
[BlackElo "2133"]
[PlyCount "81"]
[EventDate "2017.11.11"]
[EventType "team-tourn"]
[EventRounds "11"]
[EventCountry "ENG"]
[SourceTitle "EXT 2020"]
[Source "ChessBase"]
[SourceDate "2019.10.17"]
[SourceVersion "1"]
[SourceVersionDate "2019.10.17"]
[SourceQuality "1"]
[WhiteTeam "North East England"]
[BlackTeam "Wood Green Monarchs"]
[WhiteTeamCountry "ENG"]
[BlackTeamCountry "ENG"]

1. d4 g6 2. Nf3 Bg7 3. Nc3 d6 4. e4 a6 5. Be3 Nd7 6. Qd2 b5 7. Bd3 Bb7 8. a3 Rc8 9. h4 h6 10. 0-0-0 c5 11. Kb1 Qc7 12. Rhe1 e6 13. dxc5 Nxc5 14. Bxb5+ Kf8 15. Bd3 Nf6 16. Bd4 Kg8 17. Nh2 e5 18. Bxc5 Qxc5 19. Qe3 Qa5 20. Nf1 d5 21. Qa7 Rc7 22. exd5 Kh7 23. h5 Nxh5 24. d6 Rd7 25. Be4 Bc6 26. Qe3 Bxe4 27. Nxe4 Qd8 28. Qc5 Nf4 29. Ne3 Qb8 30. Nd5 Nxd5 31. Qxd5 Rhd8 32. Rh1 Qb5 33. Qa2 Qc6 34. f3 a5 35. Rd2 Kh8 36. g4 a4 37. g5 h5 38. Qd5 Qxd5 39. Rxd5 Bf8 40. Rhd1 Kg7 41. Rxe5 1-0

[Event "BCF-chT2 1718 (4NCL) Promotion pool"]
[Site "England"]
[Date "2018.05.05"]
[Round "9.32"]
[White "Kulon, Klaudia"]
[Black "Dalton, Joseph"]
[Result "1-0"]
[WhiteElo "2319"]
[BlackElo "2207"]
[PlyCount "77"]
[EventDate "2017.11.11"]
[EventType "team-tourn"]
[EventRounds "11"]
[EventCountry "ENG"]
[SourceTitle "EXT 2020"]
[Source "ChessBase"]
[SourceDate "2019.10.17"]
[SourceVersion "1"]
[SourceVersionDate "2019.10.17"]
[SourceQuality "1"]
[WhiteTeam "Celtic Tigers"]
[BlackTeam "North East England"]
[WhiteTeamCountry "ENG"]
[BlackTeamCountry "ENG"]

1. c4 e5 2. g3 Nf6 3. Bg2 d5 4. cxd5 Nxd5 5. Nc3 Nb6 6. Nf3 Nc6 7. a3 a5 8. d3 Bg4 9. Be3 f6 10. Bxb6 cxb6 11. Qa4 Bd7 12. Qb3 Bc5 13. 0-0 Ne7 14. e3 a4 15. Qa2 Ra5 16. d4 Bd6 17. Rad1 Qc8 18. dxe5 Bxe5 19. Nxe5 Be6 20. Nd5 fxe5 21. Nc7+ Qxc7 22. Qxe6 Rf8 23. Qg4 g6 24. Rc1 Rc5 25. Qxa4+ Kf7 26. Rxc5 bxc5 27. Rd1 Rd8 28. Rxd8 Qxd8 29. Bxb7 Qb6 30. Qd7 Kf6 31. g4 h6 32. h4 g5 33. hxg5+ hxg5 34. Bd5 Nxd5 35. Qxd5 Qxb2 36. Qxc5 Qb1+ 37. Kg2 Qe4+ 38. f3 Qd3 39. Qf8+ 1-0

[Event "Newcastle on Tyne op"]
[Site "Newcastle on Tyne"]
[Date "2018.02.18"]
[Round "8"]
[White "Welling, Gerard J"]
[Black "Dalton, Joseph"]
[Result "1-0"]
[WhiteElo "2320"]
[BlackElo "2045"]
[PlyCount "53"]
[EventDate "2018.02.14"]
[EventType "swiss"]
[EventRounds "9"]
[EventCountry "ENG"]
[SourceTitle "EXT 2019"]
[Source "ChessBase"]
[SourceDate "2018.10.10"]
[SourceVersion "1"]
[SourceVersionDate "2018.10.10"]
[SourceQuality "1"]

1. e4 b6 2. Nc3 Bb7 3. f4 e6 4. d3 d5 5. Qe2 Bb4 6. Bd2 Ne7 7. Nf3 c5 8. g3 Nbc6 9. Bg2 a5 10. a3 Bxc3 11. Bxc3 d4 12. Bd2 b5 13. 0-0 0-0 14. Ng5 h6 15. Nh3 f6 16. g4 Ng6 17. g5 hxg5 18. fxg5 Nce5 19. gxf6 gxf6 20. Nf4 Qe8 21. Nxg6 Qxg6 22. Bf4 Qg4 23. Qd2 Kh7 24. Kh1 Rg8 25. Bxe5 fxe5 26. Rf3 Rg5 27. Rg3 1-0

[Event "Newcastle on Tyne op"]
[Site "Newcastle on Tyne"]
[Date "2018.02.17"]
[Round "7"]
[White "Dalton, Joseph"]
[Black "Han, Yichen"]
[Result "1-0"]
[WhiteElo "2045"]
[BlackElo "1998"]
[PlyCount "73"]
[EventDate "2018.02.14"]
[EventType "swiss"]
[EventRounds "9"]
[EventCountry "ENG"]
[SourceTitle "CBM 182 Extra"]
[Source "ChessBase"]
[SourceDate "2018.02.23"]
[SourceVersion "1"]
[SourceVersionDate "2018.02.23"]
[SourceQuality "1"]

1. d4 Nf6 2. Nf3 g6 3. Nc3 d5 4. Bf4 Bg7 5. e3 c6 6. Be2 Nbd7 7. Ne5 0-0 8. Qd2 Re8 9. h4 h5 10. 0-0-0 Nxe5 11. Bxe5 b5 12. f3 Qa5 13. g4 b4 14. Nb1 Qxa2 15. gxh5 Nxh5 16. Bxg7 Kxg7 17. Qxb4 Ng3 18. Nc3 Nxe2+ 19. Nxe2 Bf5 20. h5 Rab8 21. Qa3 Qc4 22. Nc3 Rb6 23. Qa4 Rxb2 24. Kxb2 Rb8+ 25. Qb3 Rb4 26. Rd2 Bxc2 27. Qxb4 Qxb4+ 28. Kxc2 c5 29. hxg6 fxg6 30. Rb1 Qc4 31. Rb7 cxd4 32. Rxe7+ Kg8 33. Rxd4 Qf1 34. Rb4 Qg2+ 35. Kd3 Qg3 36. Rbb7 Kf8 37. Rec7 1-0

[Event "Newcastle on Tyne op"]
[Site "Newcastle on Tyne"]
[Date "2018.02.14"]
[Round "1"]
[White "Dalton, Joseph"]
[Black "Bukojemski, Adam"]
[Result "1-0"]
[WhiteElo "2045"]
[BlackElo "2222"]
[PlyCount "77"]
[EventDate "2018.02.14"]
[EventType "swiss"]
[EventRounds "9"]
[EventCountry "ENG"]
[SourceTitle "CBM 182 Extra"]
[Source "ChessBase"]
[SourceDate "2018.02.23"]
[SourceVersion "1"]
[SourceVersionDate "2018.02.23"]
[SourceQuality "1"]

1. d4 Nf6 2. Nf3 g6 3. Nc3 c5 4. d5 d6 5. e4 Bg7 6. Bb5+ Nfd7 7. a4 0-0 8. 0-0 Na6 9. Bf4 Nc7 10. Qd2 a6 11. Be2 Re8 12. Rfe1 b6 13. Bf1 Bb7 14. Rad1 Ne5 15. Nxe5 dxe5 16. Bh6 Qd6 17. Bxg7 Kxg7 18. f4 Rad8 19. Qf2 Qf6 20. a5 exf4 21. axb6 Qxb6 22. Na4 Qf6 23. Nxc5 Bc8 24. c4 e5 25. b4 g5 26. b5 axb5 27. cxb5 Na8 28. Ra1 Nb6 29. Na4 Nxa4 30. Rxa4 Rd6 31. Rc1 Bd7 32. Ra6 Rb8 33. Qa7 Rc8 34. Rc7 f3 35. Rxd6 Qxd6 36. Rxd7 f2+ 37. Kh1 Qg6 38. Qxf2 Rc1 39. Kg1 1-0

[Event "Durham op"]
[Site "Houghton le Spring"]
[Date "2016.04.17"]
[Round "4"]
[White "Dalton, Joseph"]
[Black "Hall, David G"]
[Result "1-0"]
[WhiteElo "1928"]
[BlackElo "1874"]
[PlyCount "71"]
[EventDate "2016.04.15"]
[EventType "swiss"]
[EventRounds "5"]
[EventCountry "ENG"]
[SourceTitle "CBM 171 Extra"]
[Source "ChessBase"]
[SourceDate "2016.04.26"]
[SourceVersion "1"]
[SourceVersionDate "2016.04.26"]
[SourceQuality "1"]

1. d4 g6 2. Nf3 Bg7 3. e4 d6 4. Nc3 a6 5. Be3 b5 6. a3 Nd7 7. Qd2 Bb7 8. 0-0-0 c5 9. h4 h6 10. dxc5 Nxc5 11. Bxc5 dxc5 12. Qf4 Qb8 13. Qe3 Qc7 14. Nd5 Bxd5 15. Rxd5 Rc8 16. e5 e6 17. Rd6 Qb7 18. Bd3 Ne7 19. Be4 Nd5 20. Bxd5 exd5 21. e6 0-0 22. exf7+ Qxf7 23. Rxa6 Rfe8 24. Qd3 c4 25. Qxg6 Qf4+ 26. Kb1 b4 27. Ra7 Qf8 28. axb4 Re7 29. Rxe7 Qxe7 30. c3 Ra8 31. Re1 Qa7 32. Re8+ Rxe8 33. Qxe8+ Kh7 34. Qe3 Qa4 35. Qd2 Qb3 36. Qc2+ 1-0

[Event "BCF-chT2c 1516 (4NCL)"]
[Site "England"]
[Date "2016.03.20"]
[Round "8.216"]
[White "Dalton, Joseph"]
[Black "Keen, Cosima C"]
[Result "0-1"]
[WhiteElo "2035"]
[BlackElo "1930"]
[PlyCount "121"]
[EventDate "2015.11.14"]
[EventType "team-swiss"]
[EventRounds "11"]
[EventCountry "ENG"]
[SourceTitle "EXT 2017"]
[Source "ChessBase"]
[SourceDate "2016.10.25"]
[SourceVersion "1"]
[SourceVersionDate "2016.10.25"]
[SourceQuality "1"]
[WhiteTeam "North East England"]
[BlackTeam "Barbican Youth"]
[WhiteTeamCountry "ENG"]
[BlackTeamCountry "ENG"]

1. d4 d5 2. Nf3 Nf6 3. e3 e6 4. Bd3 Be7 5. 0-0 0-0 6. b3 b6 7. Bb2 Bb7 8. c4 c5 9. Nbd2 Nbd7 10. Rc1 Rc8 11. Qe2 dxc4 12. bxc4 Re8 13. Rfd1 Rc7 14. Nb3 Qa8 15. Ne1 a5 16. f3 a4 17. Nd2 cxd4 18. exd4 Bd6 19. Ne4 Bf4 20. Rc2 a3 21. Bc1 Bxc1 22. Rcxc1 Nxe4 23. Bxe4 Nf6 24. Bxb7 Rxb7 25. Qd3 Qa4 26. Rc3 Rc8 27. Rxa3 Qd7 28. Rb1 Ra7 29. Rbb3 Rxa3 30. Rxa3 h6 31. Nc2 Ne8 32. Nb4 Nd6 33. c5 Nb5 34. Ra6 Nxd4 35. Rxb6 e5 36. Na6 Qa4 37. Rb2 g6 38. f4 Rc6 39. Nb4 Rxc5 40. fxe5 Ne6 41. Qe3 Rc4 42. Nd3 Re4 43. Qf2 Nf4 44. Rd2 Qc4 45. Qf1 Rd4 46. e6 fxe6 47. Rf2 Qxd3 48. Rxf4 Qe3+ 49. Rf2 Rd2 50. g3 Rxa2 51. Kg2 Rxf2+ 52. Qxf2 Qxf2+ 53. Kxf2 Kf7 54. Kf3 Kf6 55. Ke4 h5 56. h3 e5 57. g4 hxg4 58. hxg4 Kg5 59. Kf3 Kh4 60. Ke4 Kxg4 61. Kxe5 0-1

[Event "BCF-chT2b 1516 (4NCL)"]
[Site "England"]
[Date "2015.11.14"]
[Round "1.22"]
[White "French, Max"]
[Black "Dalton, Joseph"]
[Result "0-1"]
[WhiteElo "1907"]
[BlackElo "2020"]
[PlyCount "54"]
[EventDate "2015.11.14"]
[EventType "team-tourn"]
[EventRounds "7"]
[EventCountry "ENG"]
[SourceTitle "CBM 169 Extra"]
[Source "ChessBase"]
[SourceDate "2015.12.18"]
[SourceVersion "1"]
[SourceVersionDate "2015.12.18"]
[SourceQuality "1"]
[WhiteTeam "Downend & Fishponds"]
[BlackTeam "North East England"]
[WhiteTeamCountry "ENG"]
[BlackTeamCountry "ENG"]

1. d4 g6 2. c4 Bg7 3. Nc3 c5 4. d5 d6 5. e4 Nf6 6. Bd3 0-0 7. h3 e6 8. Nf3 exd5 9. cxd5 Re8 10. 0-0 c4 11. Bxc4 Nxe4 12. Nxe4 Rxe4 13. Bd3 Re8 14. Bf4 Bxb2 15. Rb1 Be5 16. Bxe5 dxe5 17. Bb5 Bd7 18. Qa4 a6 19. Bxd7 Nxd7 20. Qb4 b5 21. d6 Nb6 22. Rfd1 Re6 23. Rbc1 Nc4 24. d7 Ra7 25. Nxe5 Rxe5 26. Qb2 Nxb2 27. Rc8 Rxd7 0-1

[Event "BCF-ch U15"]
[Site "Coventry"]
[Date "2015.07.31"]
[Round "6"]
[White "Dalton, Joseph"]
[Black "Karia, Rishul"]
[Result "1-0"]
[WhiteElo "1825"]
[BlackElo "1688"]
[PlyCount "65"]
[EventDate "2015.07.27"]
[EventType "swiss"]
[EventRounds "7"]
[EventCountry "ENG"]
[SourceTitle "CBM 167 Extra"]
[Source "ChessBase"]
[SourceDate "2015.09.14"]
[SourceVersion "1"]
[SourceVersionDate "2015.09.14"]
[SourceQuality "1"]

1. d4 Nf6 2. Nf3 g6 3. Nc3 Bg7 4. e4 d5 5. exd5 Nxd5 6. Nxd5 Qxd5 7. Be2 0-0 8. 0-0 Nc6 9. Be3 Kh8 10. c3 f5 11. Bf4 Qd8 12. Qd2 e5 13. Bg5 Qd6 14. d5 Ne7 15. c4 f4 16. Rac1 e4 17. Nd4 Ng8 18. g3 f3 19. Bd1 Qe5 20. Nc2 Qxb2 21. Be3 Ne7 22. Bd4 Bxd4 23. Qxd4+ Qxd4 24. Nxd4 Bf5 25. Re1 a6 26. Bxf3 exf3 27. Rxe7 Rac8 28. Nxf3 Rfe8 29. Rce1 Rxe7 30. Rxe7 b6 31. Ne5 Kg8 32. f3 h5 33. Kf2 1-0

[Event "BCF-ch Week1 PM op"]
[Site "Coventry"]
[Date "2015.07.31"]
[Round "5"]
[White "Dalton, Joseph"]
[Black "Tilston, Jamie D"]
[Result "1-0"]
[WhiteElo "1825"]
[BlackElo "1930"]
[PlyCount "113"]
[EventDate "2015.07.27"]
[EventType "swiss"]
[EventRounds "5"]
[EventCountry "ENG"]
[SourceTitle "EXT 2016"]
[Source "ChessBase"]
[SourceDate "2015.10.08"]
[SourceVersion "1"]
[SourceVersionDate "2015.10.08"]
[SourceQuality "1"]

1. d4 d5 2. Nf3 c6 3. e3 Nf6 4. Bd3 Bg4 5. Nbd2 Nbd7 6. h3 Bh5 7. c4 e6 8. b3 Bd6 9. Qc2 Qc7 10. Bb2 Bg6 11. e4 dxe4 12. Nxe4 Nxe4 13. Bxe4 Qa5+ 14. Nd2 Bxe4 15. Qxe4 Bb4 16. Qe3 Nf6 17. a3 Bd6 18. 0-0 Qf5 19. Rad1 0-0 20. Rfe1 Rfd8 21. Ne4 Be7 22. f4 Nxe4 23. Qxe4 Qxe4 24. Rxe4 Bf6 25. g4 g6 26. b4 a5 27. Bc3 axb4 28. Bxb4 b6 29. c5 b5 30. Kf2 Rd5 31. g5 Bg7 32. Kf3 h6 33. h4 Kf8 34. Rd2 Ke7 35. Kg3 Rh8 36. Bc3 Kd7 37. Rd3 Rd8 38. Ba5 Ra8 39. Be1 hxg5 40. fxg5 e5 41. Rf3 Ke6 42. Bf2 Ra4 43. Re2 Rc4 44. Kg2 Rd7 45. Bg1 f5 46. gxf6 Bxf6 47. Bh2 Rdxd4 48. Rxf6+ Kxf6 49. Bxe5+ Kf5 50. Bxd4 Rxd4 51. Rf2+ Ke5 52. Kg3 Rd3+ 53. Rf3 Rxf3+ 54. Kxf3 Kf5 55. Kg3 Ke4 56. Kg4 Kd4 57. Kg5 1-0

[Event "BCF-ch Week1 PM op"]
[Site "Coventry"]
[Date "2015.07.29"]
[Round "3"]
[White "Dalton, Joseph"]
[Black "Long, Matthew"]
[Result "1/2-1/2"]
[WhiteElo "1825"]
[BlackElo "2140"]
[PlyCount "40"]
[EventDate "2015.07.27"]
[EventType "swiss"]
[EventRounds "5"]
[EventCountry "ENG"]
[SourceTitle "EXT 2016"]
[Source "ChessBase"]
[SourceDate "2015.10.08"]
[SourceVersion "1"]
[SourceVersionDate "2015.10.08"]
[SourceQuality "1"]

1. d4 Nf6 2. Nf3 e6 3. e3 b6 4. Bd3 Bb7 5. Nbd2 c5 6. b3 Be7 7. Bb2 0-0 8. 0-0 cxd4 9. exd4 d6 10. c4 Nbd7 11. Re1 Rc8 12. Qe2 Re8 13. Ng5 Bf8 14. f4 g6 15. h4 Bg7 16. g4 h5 17. Nde4 Nxe4 18. Bxe4 Bxe4 19. Nxe4 Nf6 20. g5 Nxe4 1/2-1/2

[Event "BCF-ch U15"]
[Site "Coventry"]
[Date "2015.07.28"]
[Round "3"]
[White "Holton, Jake"]
[Black "Dalton, Joseph"]
[Result "1-0"]
[WhiteElo "1581"]
[BlackElo "1825"]
[PlyCount "140"]
[EventDate "2015.07.27"]
[EventType "swiss"]
[EventRounds "7"]
[EventCountry "ENG"]
[SourceTitle "CBM 167 Extra"]
[Source "ChessBase"]
[SourceDate "2015.09.14"]
[SourceVersion "1"]
[SourceVersionDate "2015.09.14"]
[SourceQuality "1"]

1. d4 g6 2. c4 Bg7 3. Nc3 c5 4. d5 d6 5. e4 Nf6 6. Nf3 0-0 7. Bd3 e6 8. h3 exd5 9. exd5 Re8+ 10. Be3 Na6 11. 0-0 Nc7 12. Rc1 b5 13. b3 b4 14. Ne2 a5 15. Ng3 a4 16. Qd2 axb3 17. axb3 Ra3 18. Bc2 Nd7 19. Bg5 f6 20. Bh6 Ne5 21. Nxe5 Rxe5 22. Bxg7 Kxg7 23. Ra1 Ra6 24. Rxa6 Nxa6 25. f4 Re8 26. f5 g5 27. Ne4 Re5 28. g4 Qe7 29. Qe3 Nc7 30. h4 h6 31. hxg5 hxg5 32. Rf2 Kg8 33. Qf3 Ne8 34. Rh2 Qa7 35. Qh3 Qg7 36. Qh5 Bd7 37. Kf2 Re7 38. Rh1 Rf7 39. Qh2 Qh7 40. Qg2 Qg7 41. Qg3 Qf8 42. Qh2 Rg7 43. Qh5 Nc7 44. Qh8+ Kf7 45. Qxf8+ Kxf8 46. Nxf6 Ke7 47. Ne4 Ne8 48. Rh6 Rg8 49. Rh5 Nf6 50. Nxf6 Kxf6 51. Rh6+ Ke7 52. Rh7+ Kd8 53. Kf3 Be8 54. Ke4 Bd7 55. Kf3 Be8 56. Ra7 Kc8 57. Re7 Kd8 58. Re6 Kd7 59. Rh6 Kc7 60. f6 Rf8 61. Bf5 Bf7 62. Be6 Bg8 63. Ke4 Ra8 64. Bxg8 Rxg8 65. Rh7+ Kd8 66. Kf5 Rf8 67. Kxg5 Rg8+ 68. Kf5 Re8 69. Kg6 Rg8+ 70. Rg7 Rf8 1-0

[Event "Glorney Cup"]
[Site "Enfield"]
[Date "2015.07.22"]
[Round "5.10"]
[White "He, Ben"]
[Black "Dalton, Joseph"]
[Result "0-1"]
[WhiteElo "1704"]
[BlackElo "1825"]
[PlyCount "80"]
[EventDate "2015.07.20"]
[EventType "team-schev"]
[EventRounds "6"]
[EventCountry "IRL"]
[SourceTitle "CBM 167 Extra"]
[Source "ChessBase"]
[SourceDate "2015.09.14"]
[SourceVersion "1"]
[SourceVersionDate "2015.09.14"]
[SourceQuality "1"]
[WhiteTeam "Scotland"]
[BlackTeam "England"]
[WhiteTeamCountry "SCO"]
[BlackTeamCountry "ENG"]

1. e4 g6 2. d4 Bg7 3. Nc3 c5 4. dxc5 Bxc3+ 5. bxc3 Nf6 6. e5 Ne4 7. Bc4 Nxc5 8. Qd5 Ne6 9. Be3 Nc6 10. Nf3 Qa5 11. Qxa5 Nxa5 12. Bd5 Nc7 13. Be4 Nc4 14. Bd4 0-0 15. Rb1 d5 16. exd6 Nxd6 17. Bd3 Be6 18. a4 Bd5 19. 0-0 f6 20. Bc5 Rfd8 21. Nd4 e5 22. Nb5 Ncxb5 23. axb5 b6 24. Bb4 Kf7 25. Ra1 Ke6 26. Ra6 Kf7 27. Raa1 Ke6 28. Ra6 Bc4 29. Bxc4+ Nxc4 30. Rfa1 Nd6 31. Rxa7 Rxa7 32. Rxa7 Nxb5 33. Ra1 Rc8 34. Rb1 Kf5 35. Rb3 Rc6 36. Kf1 h5 37. Ke2 e4 38. Kd2 Ke5 39. Rb1 g5 40. Ba5 Na3 0-1

[Event "Glorney Cup"]
[Site "Enfield"]
[Date "2015.07.21"]
[Round "4.10"]
[White "Dalton, Joseph"]
[Black "Tirziman, Rudolf"]
[Result "0-1"]
[WhiteElo "1825"]
[BlackElo "1874"]
[PlyCount "44"]
[EventDate "2015.07.20"]
[EventType "team-schev"]
[EventRounds "6"]
[EventCountry "IRL"]
[SourceTitle "CBM 167 Extra"]
[Source "ChessBase"]
[SourceDate "2015.09.14"]
[SourceVersion "1"]
[SourceVersionDate "2015.09.14"]
[SourceQuality "1"]
[WhiteTeam "England"]
[BlackTeam "Wales"]
[WhiteTeamCountry "ENG"]
[BlackTeamCountry "WLS"]

1. g3 d5 2. Bg2 Nf6 3. c4 e6 4. Nf3 Nbd7 5. Nc3 Be7 6. 0-0 0-0 7. d4 dxc4 8. e4 a6 9. a4 b6 10. Qe2 Bb7 11. Bf4 Bb4 12. Qxc4 Bxc3 13. Qxc3 Bxe4 14. Bxc7 Qe7 15. Rac1 Rfc8 16. Qb3 Bd5 17. Qe3 Qb4 18. Ne5 Qxa4 19. Nxd7 Qxd7 20. Qe5 Bxg2 21. Kxg2 Nd5 22. Bd6 f6 0-1

[Event "Glorney Cup"]
[Site "Enfield"]
[Date "2015.07.21"]
[Round "3.5"]
[White "Maher, Conor"]
[Black "Dalton, Joseph"]
[Result "0-1"]
[WhiteElo "1947"]
[BlackElo "1825"]
[PlyCount "64"]
[EventDate "2015.07.20"]
[EventType "team-schev"]
[EventRounds "6"]
[EventCountry "IRL"]
[SourceTitle "CBM 167 Extra"]
[Source "ChessBase"]
[SourceDate "2015.09.14"]
[SourceVersion "1"]
[SourceVersionDate "2015.09.14"]
[SourceQuality "1"]
[WhiteTeam "Ireland"]
[BlackTeam "England"]
[WhiteTeamCountry "IRL"]
[BlackTeamCountry "ENG"]

1. e4 g6 2. d4 Bg7 3. Nc3 c5 4. dxc5 Bxc3+ 5. bxc3 Nc6 6. Bd3 Qa5 7. Ne2 Qxc5 8. Be3 Qa5 9. 0-0 Nf6 10. Bh6 Ng4 11. Bg7 Rg8 12. Bd4 e5 13. Be3 Nxe3 14. fxe3 Qc5 15. Rf3 d6 16. h3 f5 17. Rb1 a6 18. Kh1 d5 19. Ng3 b5 20. exd5 Ne7 21. e4 f4 22. Ne2 g5 23. Qg1 Qd6 24. g4 h5 25. Rf2 Ng6 26. c4 hxg4 27. hxg4 Rh8+ 28. Rh2 Rxh2+ 29. Qxh2 Bxg4 30. c5 Qxc5 31. Qh6 Bf3+ 32. Kh2 Qf2+ 0-1

[Event "Glorney Cup"]
[Site "Enfield"]
[Date "2015.07.20"]
[Round "2.5"]
[White "Tirziman, Rudolf"]
[Black "Dalton, Joseph"]
[Result "1/2-1/2"]
[WhiteElo "1874"]
[BlackElo "1825"]
[PlyCount "119"]
[EventDate "2015.07.20"]
[EventType "team-schev"]
[EventRounds "6"]
[EventCountry "IRL"]
[SourceTitle "CBM 167 Extra"]
[Source "ChessBase"]
[SourceDate "2015.09.14"]
[SourceVersion "1"]
[SourceVersionDate "2015.09.14"]
[SourceQuality "1"]
[WhiteTeam "Wales"]
[BlackTeam "England"]
[WhiteTeamCountry "WLS"]
[BlackTeamCountry "ENG"]

1. e4 g6 2. d4 Bg7 3. Nc3 c5 4. dxc5 Bxc3+ 5. bxc3 Nf6 6. e5 Ne4 7. Bd3 Nxc5 8. Nf3 Nc6 9. 0-0 Qa5 10. Re1 Qxc3 11. Rb1 Nxd3 12. cxd3 Nd4 13. Nxd4 Qxd4 14. Bb2 Qd5 15. Qd2 b6 16. e6 0-0 17. Qh6 f6 18. exd7 Qxd7 19. Re3 Rf7 20. Rbe1 Bb7 21. Qf4 Qd5 22. f3 e5 23. Qb4 Qxa2 24. d4 exd4 25. Bxd4 Qd5 26. Qb2 Raf8 27. Re6 Kg7 28. Qa1 h5 29. Re7 Qg5 30. R1e6 Rxe7 31. Rxe7+ Rf7 32. Rxf7+ Kxf7 33. Qc3 Qf4 34. Qc4+ Kg7 35. Qc3 Qd6 36. Qe3 Bd5 37. Qf2 Bc4 38. Qe3 Kf7 39. g3 b5 40. Qc3 a5 41. Kf2 a4 42. Be3 Qd1 43. Qe1 Qd3 44. Bd2 a3 45. Bb4 Be6 46. Qc3 Qxc3 47. Bxc3 a2 48. Ke3 b4 49. Bb2 f5 50. h4 Ke7 51. Kd4 Kd6 52. f4 Kc6 53. Ke5 Bc4 54. Kd4 Kb5 55. Ke3 Ka4 56. Kd2 Kb3 57. Ba1 Bf1 58. Bf6 Ka3 59. Kc1 b3 60. Kd2 1/2-1/2

[Event "BCF-chT3N 1415 (4NCL)"]
[Site "England"]
[Date "2014.11.15"]
[Round "1.58"]
[White "Drabble, Andrew"]
[Black "Dalton, Joseph"]
[Result "0-1"]
[WhiteElo "2076"]
[BlackElo "1747"]
[PlyCount "114"]
[EventDate "2014.11.15"]
[EventType "team-swiss"]
[EventRounds "6"]
[EventCountry "ENG"]
[SourceTitle "CBM 163 Extra"]
[Source "ChessBase"]
[SourceDate "2014.12.23"]
[SourceVersion "1"]
[SourceVersionDate "2014.12.23"]
[SourceQuality "1"]
[WhiteTeam "Bradford DCA Knights"]
[BlackTeam "North East England II"]
[WhiteTeamCountry "ENG"]
[BlackTeamCountry "ENG"]

1. d4 g6 2. Nf3 Bg7 3. e4 c5 4. c3 cxd4 5. Nxd4 Nc6 6. Nf3 Nf6 7. Nbd2 0-0 8. Bc4 d5 9. exd5 Nxd5 10. 0-0 Nb6 11. Be2 Bf5 12. Nc4 Nxc4 13. Qxd8 Rfxd8 14. Bxc4 Bg4 15. Bf4 Bxf3 16. gxf3 Rac8 17. Rfd1 Nd4 18. cxd4 Rxc4 19. Be3 b6 20. Rd3 Rc2 21. Rb1 Rc7 22. Rbd1 Rcd7 23. b3 Rd5 24. f4 f6 25. Rc1 e5 26. fxe5 fxe5 27. Bg5 Re8 28. Be3 exd4 29. Bd2 Rc5 30. Rxc5 bxc5 31. Kf1 Re4 32. f3 Rh4 33. Kg2 Be5 34. h3 Bf4 35. Bxf4 Rxf4 36. Kg3 g5 37. Rd2 Kf7 38. Rc2 Rf5 39. Kg4 Kf6 40. Rd2 a5 41. a3 h5+ 42. Kg3 Rd5 43. f4 Ke6 44. Re2+ Kf5 45. fxg5 Kxg5 46. Kf3 Kf5 47. Rd2 Ke6 48. Rd3 Rf5+ 49. Ke2 Kd5 50. Rg3 Ke4 51. Rg8 d3+ 52. Ke1 Kd4 53. Kd2 Rf2+ 54. Ke1 Re2+ 55. Kd1 Rh2 56. Rg3 Kc3 57. Ke1 Kc2 0-1

[Event "BCF-ch U14"]
[Site "Aberystwyth"]
[Date "2014.08.01"]
[Round "6"]
[White "Liu, David J"]
[Black "Dalton, Joseph"]
[Result "1-0"]
[WhiteElo "156"]
[BlackElo "174"]
[PlyCount "71"]
[EventDate "2014.07.27"]
[EventType "swiss"]
[EventRounds "7"]
[EventCountry "WLS"]
[SourceTitle "EXT 2017"]
[Source "ChessBase"]
[SourceDate "2016.10.25"]
[SourceVersion "1"]
[SourceVersionDate "2016.10.25"]
[SourceQuality "1"]

1. e4 g6 2. Nc3 Bg7 3. f4 c5 4. Nf3 d6 5. Bb5+ Bd7 6. Bc4 Na6 7. 0-0 Nc7 8. d3 b5 9. Bb3 e6 10. Qe1 Ne7 11. Qh4 Nc6 12. Qg3 0-0 13. f5 exf5 14. Qxd6 fxe4 15. Nxe4 Nd4 16. Bg5 Qc8 17. Be7 Nf5 18. Qxc5 Nxe7 19. Qxe7 Be6 20. Nf6+ Bxf6 21. Qxf6 Bxb3 22. axb3 Nd5 23. Qd4 Ne7 24. Qf2 Qc7 25. Ng5 Nf5 26. Ne4 Rac8 27. g4 Nh6 28. Nf6+ Kg7 29. Rxa7 Qxc2 30. Qd4 Qc5 31. Qxc5 Rxc5 32. Nd7 Rd5 33. Nxf8 Kxf8 34. Rf3 Re5 35. h3 Rc5 36. Kg2 1-0